China, India, Pakistan; (Record no. 75027)
[ view plain ]
| 000 -LEADER | |
|---|---|
| fixed length control field | 00803cam a22002531 4500 |
| 001 - CONTROL NUMBER | |
| control field | sa 67005205 |
| 003 - CONTROL NUMBER IDENTIFIER | |
| control field | DLC |
| 005 - DATE AND TIME OF LATEST TRANSACTION | |
| control field | 20260227112354.0 |
| 008 - FIXED-LENGTH DATA ELEMENTS--GENERAL INFORMATION | |
| fixed length control field | 760329s1966 pk b 001 0 eng |
| 010 ## - LIBRARY OF CONGRESS CONTROL NUMBER | |
| LC control number | sa 67005205 |
| 025 ## - OVERSEAS ACQUISITION NUMBER | |
| Overseas acquisition number | PL480:P-E-1176 |
| 035 ## - SYSTEM CONTROL NUMBER | |
| System control number | (OCoLC)2077479 |
| 040 ## - CATALOGING SOURCE | |
| Original cataloging agency | DLC |
| Transcribing agency | ArCCA |
| Modifying agency | OCoLC |
| -- | DLC |
| 050 00 - LIBRARY OF CONGRESS CALL NUMBER | |
| Classification number | DS33.3 |
| Item number | .H3 |
| 082 00 - DEWEY DECIMAL CLASSIFICATION NUMBER | |
| Classification number | 327.5 |
| 100 1# - MAIN ENTRY--PERSONAL NAME | |
| Personal name | Hasan, K. Sarwar. |
| 245 10 - TITLE STATEMENT | |
| Title | China, India, Pakistan; |
| Statement of responsibility, etc. | edited by K. Sarwar Hasan, with the cooperation of Khalida Qureshi. |
| 260 ## - PUBLICATION, DISTRIBUTION, ETC. | |
| Place of publication, distribution, etc. | Karachi, |
| Name of publisher, distributor, etc. | Pakistan Institute of International Affairs |
| Date of publication, distribution, etc. | [1966] |
| 300 ## - PHYSICAL DESCRIPTION | |
| Extent | xxvi, 441 p. |
| Dimensions | 23 cm. |
| 440 #0 - SERIES STATEMENT/ADDED ENTRY--TITLE | |
| Title | Documents on the foreign relations of Pakistan |
| 504 ## - BIBLIOGRAPHY, ETC. NOTE | |
| Bibliography, etc. note | Bibliography: p. xxv-xxvi. |
| 651 #0 - SUBJECT ADDED ENTRY--GEOGRAPHIC NAME | |
| Geographic name | Asia |
| General subdivision | Politics and government. |
| 700 1# - ADDED ENTRY--PERSONAL NAME | |
| Personal name | Qureshi, Khalida. |
No items available.